Raymond Grew et Patrick J. Harrigan, L’École primaire en France au 19e siècle, essai d’histoire quantitative, traduit de l’anglais par Marie-Pierre Gaviano, Paris, Éditions de l’École des Hautes Études en Sciences Sociales, 2002, 398 p. dont 74 d’annexes et de tableaux, 42 €, isbn 2713214149 (notice n° 1628595)

détails MARC
000 -LEADER
fixed length control field 01799cam a2200169 4500500
005 - DATE AND TIME OF LATEST TRANSACTION
control field 20260111094319.0
041 ## - LANGUAGE CODE
Language code of text/sound track or separate title fre
042 ## - AUTHENTICATION CODE
Authentication code dc
100 10 - MAIN ENTRY--PERSONAL NAME
Personal name Rouault, Rémi
Relator term author
245 00 - TITLE STATEMENT
Title Raymond Grew et Patrick J. Harrigan, L’École primaire en France au 19e siècle, essai d’histoire quantitative, traduit de l’anglais par Marie-Pierre Gaviano, Paris, Éditions de l’École des Hautes Études en Sciences Sociales, 2002, 398 p. dont 74 d’annexes et de tableaux, 42 €, isbn 2713214149
260 ## - PUBLICATION, DISTRIBUTION, ETC.
Date of publication, distribution, etc. 2005.<br/>
500 ## - GENERAL NOTE
General note 88
520 ## - SUMMARY, ETC.
Summary, etc. RésuméAttestés du Moyen Âge au début du xixe siècle dans le Midi, les contrats de gasaille ne diffèrent guère des baux à cheptel tels qu’on peut les rencontrer dans d’autres régions de France. Généralement d’un bon rapport, ces contrats portent surtout sur les ovins mais peuvent également concerner les animaux de trait et de labour. Les textes édités ici ont été choisis pour donner un aperçu aussi représentatif que possible des gasailles conclues dans les pays d’Aude.
520 ## - SUMMARY, ETC.
Summary, etc. Present in the South of France from the Middle Ages till the xixth Century, the type of contract called gasailles was not very different from other leases of livestock which existed in others areas in France. Generally profitable, these contracts essentially concerned ovine livestock, but they could also refer to draught or ploughing animals. The records which we are editing today have been selected to give a representative sample of the contracts called gasailles in the French département of Aude.
786 0# - DATA SOURCE ENTRY
Note Histoire & Sociétés Rurales | 23 | 1 | 2005-03-01 | p. 219w-298w | 1254-728X
856 41 - ELECTRONIC LOCATION AND ACCESS
Uniform Resource Identifier <a href="https://shs.cairn.info/revue-histoire-et-societes-rurales-2005-1-page-219w?lang=fr&redirect-ssocas=7080">https://shs.cairn.info/revue-histoire-et-societes-rurales-2005-1-page-219w?lang=fr&redirect-ssocas=7080</a>

Pas d'exemplaire disponible.

PLUDOC

PLUDOC est la plateforme unique et centralisée de gestion des bibliothèques physiques et numériques de Guinée administré par le CEDUST. Elle est la plus grande base de données de ressources documentaires pour les Étudiants, Enseignants chercheurs et Chercheurs de Guinée.

Adresse

627 919 101/664 919 101

25 boulevard du commerce
Kaloum, Conakry, Guinée

Réseaux sociaux

Powered by Netsen Group @ 2025